Catálogo
 En Linea

Uso racional de la energía : (Registro nro. 23166)

Detalles MARC
000 -CABECERA
campo de control de longitud fija 00782nam a2200217 a 4500
001 - NÚMERO DE CONTROL
campo de control 000023670
005 - FECHA Y HORA DE LA ÚLTIMA TRANSACCIÓN
campo de control 20200930022403.0
008 - DATOS DE LONGITUD FIJA--INFORMACIÓN GENERAL
campo de control de longitud fija 101217s1985 ag a r 000 0 spa d
020 ## - NÚMERO INTERNACIONAL ESTÁNDAR DEL LIBRO
Número Internacional Estándar del Libro 0030570018
040 ## - FUENTE DE LA CATALOGACIÓN
Centro catalogador/agencia de origen DO-SdBNP
Lengua de catalogación spa
Centro/agencia transcriptor BNPHU
041 17 - CÓDIGO DE LENGUA
Código de lengua del texto/banda sonora o título independiente spa
Código de lengua original eng
Fuente del código Código de idioma MARC
082 ## - NÚMERO DE LA CLASIFICACIÓN DECIMAL DEWEY
Número de clasificación NNN
Número de documento/Ítem K92u
049 ## - FONDOS LOCALES (OCLC)
Fondos de biblioteca BNGR
100 1# - ENTRADA PRINCIPAL--NOMBRE DE PERSONA
Nombre de persona Krenz, Jerrold H.
Fechas asociadas al nombre 1934-
9 (RLIN) 48766
240 10 - TÍTULO UNIFORME
Título uniforme Energy, from opulence to sufficiency
Lenguaje de la obra Español.
245 10 - MENCIÓN DE TÍTULO
Título Uso racional de la energía :
Resto del título El gran desafío contemporáneo /
Mención de responsabilidad, etc. Jerrold H. Krenz ; traducido por José Clementi.
260 ## - PUBLICACIÓN, DISTRIBUCIÓN, ETC.
Lugar de publicación, distribución, etc. Buenos Aires, Argentina :
Nombre del editor, distribuidor, etc. Aragón,
Fecha de publicación, distribución, etc. 1985.
300 ## - DESCRIPCIÓN FÍSICA
Extensión 287, [1] p. :
Otras características físicas il. ;
Dimensiones 20 cm.
534 ## - NOTA SOBRE LA VERSIÓN ORIGINAL
Encabezamiento principal del original Título original:
Mención de título del original Energy, from opulence to sufficiency
700 1# - PUNTO DE ACCESO ADICIONAL--NOMBRE DE PERSONA
Nombre de persona Clementi, José
Término indicativo de función/relación tr.
9 (RLIN) 41126
Existencias
Estado de retiro Estado de pérdida Restricciones de uso No para préstamo Código de colección Localización permanente Ubicación/localización actual Ubicación en estantería Fecha de adquisición Número de inventario Total de préstamos Signatura topográfica completa Código de barras Fecha visto por última vez Precio válido a partir de Tipo de ítem Koha
        Monografías: Libros y Folletos General General En catalogación 17.12.2010 LF1   NNN K92u 23670-10 25.06.2020 25.06.2020 Préstamo en sala

Con tecnología Koha